02721nab a2200253uuc4500001000800000005001700008008004100025035001200066040001300078041000800091100004600099245011600145520178200261650002402043650003102067650003402098650003702132650003902169700005502208700004402263773013102307942001002438999001902448146303620241106091305.0170327m10uu2016 spa  a1463036 ccomduadb aspa10aFuentes Molina, Natalia4auteaut966041510aCoagulantes naturales en sistemas de flujo continuo, como sustituto del Al2(SO4)3 para clarificación de aguas3 aIntroducción. El agua superficial es de vital importancia como fuente de abastecimiento, sin embargo no todas son aptas para el consumo, haciéndose necesario su tratamiento, mediante la combinación de procesos físicos y químicos que requieren el uso de coagulantes como el sulfato de aluminio; sustancia que cumple eficientemente su función, pero es bio-acumulada por los humanos afectando la salud. Objetivo. Evaluar la eficiencia de los coagulantes naturales Moringa Oleífera, Cactus Opuntia, Algas Marinas y Almidón, para la clarificación de las aguas de consumo humano, como sustituto al sulfato de aluminio en sistemas batch y continuos. Materiales y métodos. Se analizaron muestras de agua del Rio Cesar, durante periodos seco y lluvioso, representando baja y alta turbiedad. Las biomasas fueron analizadas con y sin pre-tratamientos químicos (Ca(OH)2, CaCL2, NaOH y NaCl). Se efectuaron pruebas mediante dos sistemas simulando las fases de coagulación y floculación, utilizando varias dosificaciones. Las variables de control fueron color, turbiedad, OD, ST, conductividad DQO y pH. Resultados. Las mayores eficiencias de remoción se presentaron con pre-tratamientos excepto el cactus; encontrándose 88.26% para moringa usando Ca(OH)2, 79.73 % para almidón con NaOH; 81.14 % para algas con CaCL2 y 98.41 % para cactus siendo la más eficiente. Se obtuvo un eficiente comportamiento del sistema continuo con condiciones similares a las obtenidas del sistema batch. Conclusiones. Se determinaron las condiciones óptimas de los coagulantes naturales, demostrando que son eficientes, seguros y económicos para el tratamiento de aguas, con menor generación de lodos, gracias a los mecanismos de adsorción y neutralización de cargas. aCoagulantes9173450 aSulfato de aluminio968356 aCoagulantes naturales9217200 aClarificacion de liquidos953063 7aTratamiento del agua2lemb923364810aMolina Rodríguez, Emiro José4auteaut974734510aAriza, Carla Patricia4auteaut97356940 tProducción + Limpia (Medellín)gVolumen 11, Número 02, Julio-Diciembre 2016, páginas 41-54w1012185x1909-04550417187 cARIMP c752501d752501